02024nam a22002057a 450000100060000000300060000600500170001200800410002902000180007004000290008805000170011708200100013410000220014424501380016626000600030430000250036452013370038965000520172665000400177810121FISKH20260422082050.0260422b cb ||||| |||| 00| 0 eng d a9781394373352 aFISKHbengcFISKHdFISKH aHD58.7 .E287 a658.3 aEdmondson, Amy C. aThe fearless organization :bcreating psychological safety in the workplace for learning, innovation, and growth /cAmy C. Edmondson. aHoboken, New Jersey :bJohn Wiley & Sons, Inc., c2019. a233 pages : c23 cm  aThe Fearless Organization offers practical guidance for teams and organizations who are serious about success in the modern economy. With so much riding on innovation, creativity, and spark, it is essential to attract and retain quality talent-but what good does this talent do if no one is able to speak their mind? The traditional culture of "fitting in" and "going along" spells doom in the knowledge economy. Success requires a continuous influx of new ideas, new challenges, and critical thought, and the interpersonal climate must not suppress, silence, ridicule or intimidate. Not every idea is good, and yes there are stupid questions, and yes dissent can slow things down, but talking through these things is an essential part of the creative process. People must be allowed to voice half-finished thoughts, ask questions from left field, and brainstorm out loud; it creates a culture in which a minor flub or momentary lapse is no big deal, and where actual mistakes are owned and corrected, and where the next left-field idea could be the next big thing. This book explores this culture of psychological safety, and provides a blueprint for bringing it to life. The road is sometimes bumpy, but succinct and informative scenario-based explanations provide a clear path forward to constant learning and healthy innovation. aOrganizational learningvPsychological aspects. aPsychology, Industrial.vLeadership